SOČR - Dmitrijev - Ránky

Bibliographic Details
Main Author: Földešová, Marta, 1948- (Author)
Format: Article
Language:Slovak
PhysicalDescription:Obr. 1.
Subjects:

MARC

LEADER 00000nab a2200000 a 4500
001 vtls000045579
003 SK-MaSNL
005 20260304072527.0
008 250423c1979 xo 0 slo
015 |a SNBRB19rr/mm-uuuuu 
035 |a CL0055674 
035 |a urn:nbn:sk:snk-ab26rz 
035 |a (urnnbn)urn:nbn:sk:snk:ar-a01rsr 
035 |a (uuid)894af58d-5f11-430d-9315-efa2acf54769 
040 |a SNKBUCL  |b slo  |c SNKBUCL  |e AACR2 
041 0 |a slo 
044 |a xo  |c SK 
080 |a 78  |2 1981 
080 |a 786  |2 1981 
100 1 |a Földešová, Marta,  |d 1948-  |4 aut  |9 6116 
245 1 0 |a SOČR - Dmitrijev - Ránky  |c Marta Földešová 
300 |b Obr. 1. 
600 1 7 |a Dmitrijev, Alexander  |2 snkbucl  |9 1360317 
600 1 7 |a Ránky, Dezső  |2 snkbucl  |9 1360318 
610 2 7 |a Československý rozhlas (Bratislava, Slovensko).  |b Symfonický orchester  |2 snkbucl  |9 120490 
650 0 7 |a orchestrálna hudba  |2 snkbucl  |9 3422 
650 0 7 |a hudba pre klavír  |2 snkbucl  |9 3372 
655 7 |a články z novín a časopisov  |2 snkbucl  |9 267496 
773 0 |t Hudobný život  |g Roč. 11, č. 22 (26. 11. 1979), s. 4 
850 |a Slovenská národná knižnica 
852 |a Slovenská národná knižnica 
954 |a odborná, vedecká literatúra pôvodná (slovenská)  |2 lita 
958 |a article27 
958 |a OND 
958 |a RK 
958 |a SK 
958 |a EUIPO 
992 |a RBX 
999 |c 2766921  |d 2768851